Quizzes
Events
Quiz Creation
Community
Videos
Private Events
Remove Ads
Sign In
Join for FREE
Feedback
Dark Mode
Quiz Categories
Sports
Geography
Music
Movies
Television
Just For Fun
Miscellaneous
History
Literature
Language
Science
Gaming
Entertainment
Religion
Holiday
For Kids
Quiz Lab
Recent
Popular Today
Quiz Kudos Today
Editor Picks
Curator Picks
Quizzes by...
Day
Popularity
Type
Ratings
Length
Year
Community
Subscriptions
Recent Discussions
Orange Saloon
Badges
Playlists
Quests
Create
Leaderboards
Showdown
Live 5
Trivia Bingo
Activity
Puzzle Library
Sporcle Events
Private Events
Virtual Trivia
Globe League
Become a Host
Pub Owners
SporcleCon
Opinionation
Our Games
Videos
Blog
Mobile Apps
Partnerships
Remove Ads and Go Orange
Feedback
Miscellaneous
Crossword
General Knowledge
Baby Names
Logo
Food
Cars
Numbers
Grab Bag
University
College
Popular
Company
Slogans
Restaurants
Justice
Letter
Miscellaneous
Crossword
General Knowledge
Baby Names
Logo
Food
Cars
Numbers
Grab Bag
University
College
Popular
Company
Slogans
Restaurants
Justice
Letter
Random Quiz
Search Sporcle
×
Quiz Lab
Quiz Lab
Miscellaneous
Type in answers that appear in a list
Type in answers that appear in a list
Classic
Best Score? Go Orange.
Leiarar i norske toppstillingar Stats
Leiarar i norske toppstillingar anno 1.1.2022
By
Sindrerise
20m
61 Questions
181 Plays
181 Plays
181 Plays
Comments
Comments
Give Quiz Kudos
Give Quiz Kudos
-
- Ratings
hide this ad
Forced Order
Answers have to be entered in order
Answers have to be entered in order
Random Order
Randomize order of answers
Randomize order of answers
Replay
Link that replays current quiz
Next Quiz
Link to next quiz in quiz playlist
You Got
0%
They Got
Avg Score
72%
Avg Friend Score
Upgrade to see
Score Distribution
Jump to the score distribution portion of the page
Score
0/61
Timer
20:00
0
Plays Today
Hint
Namn
% Correct
Statsminister
Jonas Gahr Støre (Ap)
97.2%
President i Norges Skiforbund
Erik Røste
96.7%
Leiar i Den norske Nobelkomite
Berit Reiss-Andersen
96.6%
Monark
Kong Harald V
96.1%
Byrådsleder i Oslo
Raymond Johansen (Ap)
96%
Ansvarlig redaktør i VG
Gard Steiro
96%
Sjefredaktør i Dagen
Vebjørn Selbekk
95.4%
Adm. dir. i Kværner
Karl Petter Løken
94.8%
President i Norges idrettsforbund og olympiske og paralympiske komité
Zaineb Al-Samarai
93.3%
Adm. dir. Norges Bank Investment Management
Nicolai Tangen
92.9%
Stortingspresident
Masud Gharahkhani (Ap)
92.8%
Preses i Bispemøtet
Olav Fykse Tveit
92.1%
Sentralbanksjef
Ida Wolden Bache
91.7%
Ordførar i Trondheim
Rita Ottervik (Ap)
91.6%
Sametingspresident
Silje Karine Muotka
90.8%
Ordførar i Oslo
Marianne Borgen (SV)
90.4%
Styreleiar i Orkla
Stein Erik Hagen
90.1%
LO-
leiar
Peggy Hessen Følsvik
90.1%
Konsernsjef i Norwegian
Geir Karlsen
90.1%
Ansvarlig redaktør i Dagbladet
Alexandra Beverfjord
89.3%
Beredskapsdirektør i direktoratet for strålevern og atomsikkerhet
Astrid Liland
88.1%
President i Norges fotballforbund
Lise Klaveness
88%
Ansvarlig redaktør i Aftenposten
Trine Eilertsen
88%
Forsvarssjefen
Eirik Kristoffersen
87.8%
Adm. dir. i Equinor
Anders Opedal
87.8%
Helsedirektør
Bjørn Guldvog
87.8%
Konsernsjef og sjefredaktør i TV2
Olav Terjeson Sandnes
87.3%
Sjefredaktør og adm. dir. i Dagens Næringsliv
Amund Djuve
86.7%
Høyesterettsjustitiarius
Toril Marie Øie
86.2%
Barneombud
Inga Bejer Engh
86.2%
Adm. dir. i Telenor
Sigve Brekke
86.2%
Hint
Namn
% Correct
Leiar for Islamsk Råd Norge
Abdirahman Diriye
85.8%
Byrådsleder i Bergen
Roger Valhammer (Ap)
85.2%
Kringkastingssjef
Vibeke Fürst Haugen
84%
Sekretær i Den norske Nobelkomite
Olav Njølstad
83.1%
Riksmekleren
Mats Wilhelm Ruland
82.9%
Ordførar i Bergen
Linn Kristin Engø (Ap)
82.6%
Riksadvokaten
Jørn Sigurd Maurud
82.3%
Generalsekretær i Human-
Etisk Forbund
Trond Enger
81.4%
Adm. dir. i NHO
Ole Erik Almlid
81.2%
Adm. dir. i DNB
Kjerstin Braathen
78.5%
Adm. dir. i Vy
Gro Bakstad
76.1%
Adm. dir. i Folketrygdfondet
Kjetil Houg
75.7%
Likestillings-
og diskrimineringsombud
Bjørn Erik Thon
75.1%
Generalsekretær i Norsk presseforbund
Elin Floberghagen
75.1%
Styreleiar i Equinor
Jon Erik Reinertsen
75%
President i Norges Friidrettsforbund
Anne Farseth
72.7%
Adm. dir. i Orkla
Nils Selte
72.4%
Adm. dir. i Norske Skog
Sven Ombudstvedt
71.3%
Sjef i Politiets sikkerhetstjeneste (PST)
Hans Sverre Sjøvold
71.3%
Toppidrettssjef
Tore Øvrebø
70.8%
Adm. dir. i Kongsberg Gruppen
Geir Håøy
70.7%
Styreleiar i Telenor
Gunn Wærsted
70.2%
Styreleiar i DNB
Olaug Svarva
68.5%
Styreleiar i Kongsberg Gruppen
Eivind Reiten
68%
Styreleiar i Norsk Hydro
Dag Mejdell
65.5%
Adm. dir. i Norsk Hydro
Hilde Merete Aasheim
64.1%
President i Norges Røde Kors
Thor Inge Sveinsvoll
64%
Adm. dir. i Schibsted
Kristin Skogen Lund
62.4%
Arbeids-
og velferdsdirektør (NAV)
Hans Christian Holte
38.5%
Ansvarlig redaktør i Nettavisen
Gunnar Stavrum
0%
Quiz Playlist
Details
Report
Send in Message
Add To Playlist
Classic:
Type in answers that appear in a list
Forced Order:
Answers have to be entered in order
Random Order:
Randomize order of answers
Last Updated: Nov 23, 2023
Quiz Scoreboard
CHALLENGE
Sign Up to Join the Scoreboard
Show All
Scores
Hide
Comments
May contain spoilers
Recently Published
College Basketball Coaching Resumes
by pancakes188
Sports
9m
Billboard Blitz: Fleetwood Mac
by CooCooCachoo
Music
15s
Presidents Visiting Landmarks
by Hejman
History
7m
More to Explore
Quiz From the Vault
Featured Blog Post
Where Did the Easter Bunny Come From?
hide this ad
You Might Also Like...
Tags
This quiz does not have any tags.
Today's Top Quizzes in Miscellaneous
Browse Miscellaneous
hide this ad
Top Contributed Quizzes in Miscellaneous
1
5-to-1: Fast Food
2
The JOE quick-fire general knowledge quiz: Day 174
3
The JOE quick-fire general knowledge quiz: Day 173
4
5-to-1: Cocktails
5
The JOE quick-fire general knowledge quiz: Day 172
6
Sunday Crossword: Famous Bodies of Water
7
The JOE quick-fire general knowledge quiz: Day 171
8
One Thing in Common: United Kingdom II
9
Named After an Animal - Odd One Out!
10
The JOE quick-fire quiz: Day 170
Explore More
Trending Topics
Anime
Disney
Kpop
Crossword
Marvel
NBA
Harry Potter
NFL
Country
Puzzle
Pokémon
Soccer
Song
The Office
WWE
hide this ad
More By:
Sindrerise
Quiz
Plays
Rating
Category
Featured
Created
Characters in Literature
19,538
4.48
Literature
Sep 14, 2014
Characters in Literature II
18,855
4.17
Literature
Oct 4, 2014
Famous painters by painting slideshow
2,343
4.91
Miscellaneous
Sep 9, 2017
1980s album covers I
1,878
4.65
Music
Feb 16, 2019
Dead Authors by Novel I
1,631
3.41
Literature
Jan 28, 2010
Go to Creator's Profile
Score Distribution
Quiz Creator Spotlight
Sindrerise
Follow
Send a Message
Quizzes Created
-
Created Quiz Play Count
-
More By This Creator
Popular Quizzes Today
1
Find the US States - No Outlines Minefield
2
Find the Countries of Europe - No Outlines Minefield
3
The Countries of the World
4
Find the US States
5
Risky Map Clicking: Biggest States A-Z
6
US States
7
Popular People in 1961
8
Movies - When Are They Set?
More Miscellaneous Quizzes
Baby Names: 'J' Boy Names by Decade
Published
Trending Quizzes
Risky Map Clicking: Least Populous States A-Z
1-10 Letter G Words
1-10 Letter F Words
Risky Map Clicking: Next State Alphabetically
Risky Map Clicking: Biggest States A-Z
Recently Updated
Leaping Animals
pecheneg
Reality TV Shows (A-Z)
bhenderson79
Rickey Henderson's Hall of Fame Teammates
pecheneg
Champions League XIs: Arsenal
pecheneg
Quick Pick: Celebrities in WWE's Hall of Fame
aduchscher
A-Z Keypad Blitz II
pecheneg
Multiple Oscar Actors
pecheneg
Mystery Phrase Blitz: Oscar 'Best Actors'
pecheneg
F. Scott Fitzgerald Novels
LTH
Pick 3 Villains
ddd62291
Trending Topics
Anime
Disney
Crossword
Harry Potter
Kpop
Marvel
NBA
Puzzle
The Office
Pokémon
Soccer
Song
NFL
Country
WWE
Your Account Isn't Verified!
In order to create a playlist on Sporcle, you need to verify the email address you used during registration. Go to your
Sporcle Settings
to finish the process.
Report this User
Report this user for behavior that violates our
Community Guidelines
.
Details:
Send Report
Go to the Sporcle.com Mobile Site →
Comments